Besteuerung und Zahlungsbilanz.

Bibliographic Details
Main Author: Albers, Willi.
Format: eBook
Language:German
Published: Berlin : Duncker & Humblot, 1972.
Edition:1st ed.
Series:Schriften des Vereins Für Socialpolitik Series
Subjects:
Online Access:Click to View
LEADER 03020nam a22003853i 4500
001 EBC7100902
003 MiAaPQ
005 20240729202203.0
006 m o d |
007 cr cnu||||||||
008 240729s1972 xx o ||||0 ger d
020 |a 9783428428144  |q (electronic bk.) 
020 |z 9783428028146 
035 |a (MiAaPQ)EBC7100902 
035 |a (Au-PeEL)EBL7100902 
035 |a (OCoLC)1347028799 
040 |a MiAaPQ  |b eng  |e rda  |e pn  |c MiAaPQ  |d MiAaPQ 
100 1 |a Albers, Willi. 
245 1 0 |a Besteuerung und Zahlungsbilanz. 
250 |a 1st ed. 
264 1 |a Berlin :  |b Duncker & Humblot,  |c 1972. 
264 4 |c ©1972. 
300 |a 1 online resource (85 pages) 
336 |a text  |b txt  |2 rdacontent 
337 |a computer  |b c  |2 rdamedia 
338 |a online resource  |b cr  |2 rdacarrier 
490 1 |a Schriften des Vereins Für Socialpolitik Series 
505 0 |a Intro -- Vorwort -- Inhaltsverzeichnis -- Karl Häuser, Kronberg: Steuerausgleich an der Grenze versus Wechselkursänderung -- I. Vorbemerkungen -- II. GATT- und EWG-Regeln über den Steuerausgleich beim grenzüberschreitenden Warenverkehr -- 1. Steuerausgleich an der Grenze -- 2. GATT-Regelung, Bestimmungslandprinzip und Steuerneutralität -- III. Wirkungen des Steuerausgleichs auf die Zahlungsbilanz und Vergleich zwischen Wechselkursänderung und Steuerausgleich -- 1. Voraussetzungen -- 2. Allgemeine indirekte Steuern -- 3. Vergleich zwischen Abwertung und Erhöhung allgemeiner indirekter Steuern -- 4. Spezielle indirekte Steuern -- 5. Die Versuchung, steuerliche Maßnahmen gegenüber Wechselkursänderungen zu bevorzugen -- Anhang -- Vergleich zwischen Abwertung und Steuerausgleich an der Grenze -- A. Wirkungen auf das monetäre Importvolumen Zunahme (+), Abnahme (-), unverändert (0) -- B. Wirkungen auf das monetäre Exportvolumen Zunahme (+), Abnahme (-), unverändert (0) -- C. Wirkungen auf die Zahlungsbilanz Verbesserung (+), Verschlechterung (-) -- D. Wirkungen auf die gesamtwirtschaftliche Aktivitäta) Zunahme (+), Abnahme (-), unverändert (0) -- Summary -- Rolf Peffekoven, Bochum: Das Bestimmungs- und Ursprungslandprinzip bei Steuern im grenzüberschreitenden Verkehr -- I. -- II. -- III. -- IV. -- V. -- VII. -- VIII. -- Anhang -- Summary -- Jürgen Pahlke, Bochum: Spezielle Steuern als Mittel zur Beeinflussung der Handels- und Kapitalbilanz -- Summary. 
588 |a Description based on publisher supplied metadata and other sources. 
590 |a Electronic reproduction. Ann Arbor, Michigan : ProQuest Ebook Central, 2024. Available via World Wide Web. Access may be limited to ProQuest Ebook Central affiliated libraries.  
655 4 |a Electronic books. 
776 0 8 |i Print version:  |a Albers, Willi  |t Besteuerung und Zahlungsbilanz  |d Berlin : Duncker & Humblot,c1972  |z 9783428028146 
797 2 |a ProQuest (Firm) 
830 0 |a Schriften des Vereins Für Socialpolitik Series 
856 4 0 |u https://ebookcentral.proquest.com/lib/matrademy/detail.action?docID=7100902  |z Click to View